V zoo není žádná nuda / Eva Horáková ; ilustrace Michaela Bergmannová
Hugo ve volném čase chodí na návštěvu k jednotlivým zvířatům a ta mu vypravují zajímavé a veselé příhody ze svého života a ze života svých zvířecích příbuzných. Všechny zvířecí příběhy jsou propojeny s životem chlapce a jeho rodičů. Nakladatelská anotace. Kráceno.
Knížka prvního čtení pro děti je příběhem na pokračování s krátkými pohádkami. Jedná se o zážitky chlapce Huga, jehož tatínek je ředitelem zoologické zahrady.
Record details
- ISBN: 978-80-262-1039-9
- Physical Description: 62 stran : barevné ilustrace ; 23 cm
- Edition: Vydání první
- Publisher: Praha : Portál, 2016
Search for related items by subject
| Genre: | české příběhy publikace pro děti Czech stories children's literature |
Search for related items by series
Available copies
- 2 of 2 copies available at Common Catalog SPOK.
Holds
- 0 current holds with 2 total copies.
Show Only Available Copies
| Location | Call Number / Copy Notes | Barcode | Shelving Location | Status | Due Date |
|---|---|---|---|---|---|
| Jabok Library | BL-4.2/H | 424480038599 | Beletrie | Available | - |
| Jabok Library | BL-4.2/H | 424480038915 | Beletrie | Available | - |
| LDR | 03875nam a2200961 i 4500 | ||
|---|---|---|---|
| 001 | 24365 | ||
| 003 | CZ-PrJAB | ||
| 005 | 20161229074219.0 | ||
| 007 | ta | ||
| 008 | 160503s2016 xr a b 000 f cze | ||
| 015 | . | ‡acnb002792729 | |
| 020 | . | ‡a978-80-262-1039-9 ‡q(vázáno) | |
| 035 | . | ‡a(CZ PrSKC)nkc20162792729 | |
| 035 | . | ‡a(OCoLC)956488849 | |
| 040 | . | ‡aABA001 ‡bcze ‡erda | |
| 072 | 7. | ‡a821.162.3-3 ‡xČeská próza ‡2Konspekt ‡925 | |
| 072 | 7. | ‡a821-93 ‡xLiteratura pro děti a mládež (beletrie) ‡2Konspekt ‡926 | |
| 080 | . | ‡a821.162.3-32 ‡2MRF | |
| 080 | . | ‡a821-93 ‡2MRF | |
| 080 | . | ‡a(0:82-32) ‡2MRF | |
| 100 | 1 | . | ‡aHoráková, Eva ‡7kv2010540416 ‡4aut |
| 245 | 1 | 0. | ‡aV zoo není žádná nuda / ‡cEva Horáková ; ilustrace Michaela Bergmannová |
| 250 | . | ‡aVydání první | |
| 264 | 1. | ‡aPraha : ‡bPortál, ‡c2016 | |
| 300 | . | ‡a62 stran : ‡bbarevné ilustrace ; ‡c23 cm | |
| 336 | . | ‡atext ‡btxt ‡2rdacontent | |
| 337 | . | ‡abez média ‡bn ‡2rdamedia | |
| 338 | . | ‡asvazek ‡bnc ‡2rdacarrier | |
| 490 | 1 | . | ‡aPrvní čtení, to nic není |
| 520 | . | ‡aHugo ve volném čase chodí na návštěvu k jednotlivým zvířatům a ta mu vypravují zajímavé a veselé příhody ze svého života a ze života svých zvířecích příbuzných. Všechny zvířecí příběhy jsou propojeny s životem chlapce a jeho rodičů. Nakladatelská anotace. Kráceno. | |
| 520 | . | ‡aKnížka prvního čtení pro děti je příběhem na pokračování s krátkými pohádkami. Jedná se o zážitky chlapce Huga, jehož tatínek je ředitelem zoologické zahrady. | |
| 655 | 7. | ‡ačeské příběhy ‡7fd133973 ‡2czenas | |
| 655 | 7. | ‡apublikace pro děti ‡7fd133156 ‡2czenas | |
| 655 | 9. | ‡aCzech stories ‡2eczenas | |
| 655 | 9. | ‡achildren's literature ‡2eczenas | |
| 700 | 1 | . | ‡aBergmannová, Michaela ‡7jx20111201008 ‡4ill |
| 830 | 0. | ‡aPrvní čtení, to nic není | |
| 910 | . | ‡aABG312 | |
| 901 | . | ‡a24365 ‡b ‡c24365 ‡tbiblio | |